00778nam a2200205 a 4500001000200000003000900002005001700011008004100028020001800069040002500087082003000112100002900142245010500171260003600276300002800312500007000340600005800410650003900468651006500507 DO-SdBNP20211203115325.0190207s2015 dr a r 000 0 spa d a9789945086454 aDO-SdBNPbspacBPMSU a923.97293bR758n 20162221 aRomán, Sabrina,d1956-10aNuestras lágrimas saben a mar :bmemorias de una hija del general Pupo Román /cSabrina Román. aSanto Domingo :bBúho,c2015. a418 p. :bil. ;c24 cm. 3Incluye datos biográficos del autor en la solapa de la cubierta14aRomán Fernández, José René (Pupo Román) x  4aDictadura zRepública Dominicana 4aRepública DominicanaxHistoria yEra de Trujillo 1930-1961